000 00623nam a2200217Ia 4500
005 20240320094927.0
008 131103s9999 xx 000 0 und d
020 _a0-07-0010714-4
040 _aLoreto College
041 _aEnglish
082 _a420.7
_bALL
100 _aAllen Harold B.
245 _aTeaching English as a second language
_b a book of reading
_cHarold B.Allen & Russell N.Campbell
260 _aNew Delhi
_bMcGraw-hill
_c1972
300 _av,449p.
504 _aInciudes index
650 _aEnglish language-Study & teaching
700 _aCampbell, Russell N.
850 _aLCBED
942 _cBK
999 _c27592
_d78071